000 01042nam a22002777a 4500
001 7120
003 FISKH
005 20250624113158.0
008 250624b cb ||||| |||| 00| 0 eng d
020 _a9780590447782
040 _aFISKH
_beng
_cFISKH
_dFISKH
050 _aPZ8.C1424 P
082 _a813.54
100 _aCalmenson, Stephanie
245 _aThe principal's new clothes /
_cby Stephanie Calmenson : illustrated by Denise Brunkus
260 _aNew York :
_bScholastic ,
_c1989.
300 _a32 unnumbered pages :
_bcolor illustrations ;
_c26 cm .
505 _aN
520 _aIn this version of the Andersen tale the vain principal of P.S. 88 is persuaded by two tailors that they will make him an amazing, one-of-a-kind, suit that will be visible only to intelligent people who are good at their jobs.
521 8 _a590
_bLexile
521 8 _aN
_bRaz-Plus
650 _aBeginning of school
_vJuvenile Literature
700 _aBrunkus, Denise
_eIllustrator
942 _2ddc
_cBK
_n0
999 _c7120
_d7120